书目信息 |
| 题名: |
中国艺术品市场报告
|
|
| 作者: | 白志良 著 | |
| 分册: | ||
| 出版信息: | 北京 世界知识出版社 2003 |
|
| 页数: | 375页 | |
| 开本: | 23cm | |
| 丛书名: | ||
| 单 册: | ||
| 中图分类: | J124 | |
| 科图分类: | ||
| 主题词: | 艺术--市场--研究报告--中国 , 艺术 , 市场 | |
| 电子资源: | ||
| ISBN: | 7-5012-2137-5 | |
| 000 | 00787nam0 2200241 450 | |
| 001 | 1255101046 | |
| 005 | 20121019151849.25 | |
| 010 | @a7-5012-2137-5@dCNY128.00 | |
| 100 | @a20031117d2003 em y0chiy50 ea | |
| 101 | 0 | @achi |
| 102 | @aCN@b110000 | |
| 105 | @aa z 000yy | |
| 200 | 1 | @a中国艺术品市场报告@Azhong guo yi shu pin shi chang bao gao@f白志良著 |
| 210 | @a北京@c世界知识出版社@d2003 | |
| 215 | @a375页@c照片,图@d23cm | |
| 330 | @a本书是对中国艺术品市场的全面研究,全书分上、两篇,包括艺术市场的历史、文化艺术的系统工程、社会发展与艺术市场、范曾的艺术及其失常等内容。 | |
| 606 | 0 | @a艺术@x市场@x研究报告@y中国 |
| 606 | 0 | @a艺术 |
| 606 | 0 | @a市场 |
| 690 | @aJ124@v4 | |
| 701 | 0 | @a白志良@Abai zhi liang@4著 |
| 801 | 0 | @aCN@bNLC@c20101222 |
| 905 | @a10447@dJ124@eJY96 | |
| 中国艺术品市场报告/白志良著.-北京:世界知识出版社,2003 |
| 375页:照片,图;23cm |
| ISBN 7-5012-2137-5:CNY128.00 |
| 本书是对中国艺术品市场的全面研究,全书分上、两篇,包括艺术市场的历史、文化艺术的系统工程、社会发展与艺术市场、范曾的艺术及其失常等内容。 |
| ● |
| 相关链接 |
|
|
|
|
正题名:中国艺术品市场报告
索取号:J124/JY96
 
预约/预借
| 序号 | 登录号 | 条形码 | 馆藏地/架位号 | 状态 | 备注 |
| 1 | 7832919 | 278329195 | 学院路分馆/ [索取号:J124/JY96] | 在馆 | |
| 2 | 7832920 | 278329202 | 学院路分馆/ [索取号:J124/JY96] | 在馆 |